000 00395nam a2200169Ia 4500
008 230711s9999||||xx |||||||||||||| ||und||
020 _a978-81-317-0793-7
041 _aENG
082 _a547.59
_bGI-H
100 _aGilchrist,Thomas L
245 0 _aHetrocyclic Chemistry
250 _a10th Ed.
260 _c2014
_aNew Delhi
_bPearson
300 _a414p.
650 _aChemistry
942 _cBK
999 _c6195
_d6195